<?xml version="1.0" encoding="UTF-8"?>
<record
    xmlns:xsi="http://www.w3.org/2001/XMLSchema-instance"
    xsi:schemaLocation="http://www.loc.gov/MARC21/slim http://www.loc.gov/standards/marcxml/schema/MARC21slim.xsd"
    xmlns="http://www.loc.gov/MARC21/slim">

  <leader>01449nam0a22002891  4500</leader>
  <controlfield tag="001">rc\2671238</controlfield>
  <controlfield tag="005">20250623151523.0</controlfield>
  <datafield tag="035" ind1=" " ind2=" ">
    <subfield code="a">(NLR Aleph) 006799784</subfield>
  </datafield>
  <datafield tag="090" ind1=" " ind2=" ">
    <subfield code="a">6231504</subfield>
    <subfield code="c">6231504</subfield>
  </datafield>
  <datafield tag="100" ind1=" " ind2=" ">
    <subfield code="a">20110915d1932    |||y0rusy50      ca</subfield>
  </datafield>
  <datafield tag="101" ind1="0" ind2=" ">
    <subfield code="a">rus</subfield>
  </datafield>
  <datafield tag="102" ind1=" " ind2=" ">
    <subfield code="a">RU</subfield>
  </datafield>
  <datafield tag="105" ind1=" " ind2=" ">
    <subfield code="a">y   z   |||||</subfield>
  </datafield>
  <datafield tag="200" ind1="1" ind2=" ">
    <subfield code="a">&#x414;&#x43E;&#x448;&#x43A;&#x43E;&#x43B;&#x44C;&#x43D;&#x43E;&#x435; &#x432;&#x43E;&#x441;&#x43F;&#x438;&#x442;&#x430;&#x43D;&#x438;&#x435;</subfield>
    <subfield code="e">[&#x418;&#x43D;&#x441;&#x442;&#x440;&#x443;&#x43A;&#x442;&#x438;&#x432;&#x43D;&#x44B;&#x435; &#x438; &#x434;&#x438;&#x440;&#x435;&#x43A;&#x442;&#x438;&#x432;&#x43D;&#x44B;&#x435; &#x43C;&#x430;&#x442;&#x435;&#x440;&#x438;&#x430;&#x43B;&#x44B;]</subfield>
    <subfield code="f">&#x421;&#x43E;&#x441;&#x442;&#x430;&#x432;&#x438;&#x43B;&#x430; &#x420;. &#x41B;. &#x421;&#x43A;&#x43E;&#x43C;&#x43E;&#x440;&#x43E;&#x432;&#x441;&#x43A;&#x430;&#x44F;</subfield>
    <subfield code="g">&#x41F;&#x43E;&#x434; &#x440;&#x435;&#x434;. &#x42F;. &#x410;. &#x41F;&#x435;&#x440;&#x435;&#x43B;&#x44C;</subfield>
    <subfield code="g">&#x421;&#x43E; &#x441;&#x442;&#x430;&#x442;&#x44C;&#x44F;&#x43C;&#x438; &#x43D;&#x430;&#x440;. &#x43A;&#x43E;&#x43C;&#x438;&#x441;&#x441;&#x430;&#x440;&#x430; &#x43F;&#x43E; &#x43F;&#x440;&#x43E;&#x441;&#x432;. &#x410;. &#x421;. &#x411;&#x443;&#x431;&#x43D;&#x43E;&#x432;&#x430; &#x438; &#x437;&#x430;&#x43C;. &#x43D;&#x430;&#x440;. &#x43A;&#x43E;&#x43C;&#x438;&#x441;&#x441;&#x430;&#x440;&#x430; &#x43F;&#x43E; &#x43F;&#x440;&#x43E;&#x441;&#x432;. &#x41C;. &#x421;. &#x42D;&#x43F;&#x448;&#x442;&#x435;&#x439;&#x43D;&#x430;</subfield>
  </datafield>
  <datafield tag="210" ind1=" " ind2=" ">
    <subfield code="a">&#x41C;&#x43E;&#x441;&#x43A;&#x432;&#x430;</subfield>
    <subfield code="a">&#x41B;&#x435;&#x43D;&#x438;&#x43D;&#x433;&#x440;&#x430;&#x434;</subfield>
    <subfield code="c">&#x41D;&#x430;&#x440;&#x43A;&#x43E;&#x43C;&#x43F;&#x440;&#x43E;&#x441; &#x420;&#x421;&#x424;&#x421;&#x420; - &#x423;&#x447;&#x43F;&#x435;&#x434;&#x433;&#x438;&#x437;</subfield>
    <subfield code="d">1932</subfield>
    <subfield code="e">&#x41C;&#x43E;&#x441;&#x43A;&#x432;&#x430;</subfield>
    <subfield code="g">&#x442;&#x438;&#x43F;&#x43E;-&#x43B;&#x438;&#x442;. &#x438;&#x43C;. &#x412;&#x43E;&#x440;&#x43E;&#x432;&#x441;&#x43A;&#x43E;&#x433;&#x43E;</subfield>
  </datafield>
  <datafield tag="215" ind1=" " ind2=" ">
    <subfield code="a">&#x41E;&#x431;&#x43B;., 119, [3] &#x441;., 1 &#x441;. &#x43E;&#x431;&#x44A;&#x44F;&#x432;&#x43B;.</subfield>
    <subfield code="d">23&#x445;15 &#x441;&#x43C;.</subfield>
  </datafield>
  <datafield tag="225" ind1="1" ind2=" ">
    <subfield code="a">&#x411;&#x438;&#x431;&#x43B;&#x438;&#x43E;&#x442;&#x435;&#x43A;&#x430; "&#x41E;&#x445;&#x440;&#x430;&#x43D;&#x430; &#x434;&#x435;&#x442;&#x441;&#x442;&#x432;&#x430; &#x438; &#x434;&#x435;&#x442;&#x441;&#x43A;&#x43E;&#x435; &#x43F;&#x440;&#x430;&#x432;&#x43E;"</subfield>
    <subfield code="v">&#x412;&#x44B;&#x43F;. 16</subfield>
  </datafield>
  <datafield tag="700" ind1=" " ind2="1">
    <subfield code="a">&#x421;&#x43A;&#x43E;&#x43C;&#x43E;&#x440;&#x43E;&#x432;&#x441;&#x43A;&#x430;&#x44F;</subfield>
    <subfield code="b">&#x420;.&#x41B;.</subfield>
  </datafield>
  <datafield tag="702" ind1=" " ind2="1">
    <subfield code="4">080</subfield>
    <subfield code="a">&#x411;&#x443;&#x431;&#x43D;&#x43E;&#x432;</subfield>
    <subfield code="b">&#x410;. &#x421;.</subfield>
    <subfield code="c">&#x433;&#x43E;&#x441;. &#x434;&#x435;&#x44F;&#x442;&#x435;&#x43B;&#x44C;</subfield>
    <subfield code="f">1884-1938</subfield>
    <subfield code="g">&#x410;&#x43D;&#x434;&#x440;&#x435;&#x439; &#x421;&#x435;&#x440;&#x433;&#x435;&#x435;&#x432;&#x438;&#x447;</subfield>
    <subfield code="9">171460</subfield>
    <subfield code="3">RU\NLR\AUTH\770171510</subfield>
  </datafield>
  <datafield tag="702" ind1=" " ind2="1">
    <subfield code="a">&#x41F;&#x435;&#x440;&#x435;&#x43B;&#x44C;</subfield>
    <subfield code="b">&#x42F;.&#x410;.</subfield>
    <subfield code="4">340</subfield>
  </datafield>
  <datafield tag="702" ind1=" " ind2="1">
    <subfield code="a">&#x42D;&#x43F;&#x448;&#x442;&#x435;&#x439;&#x43D;</subfield>
    <subfield code="b">&#x41C;.&#x421;.</subfield>
    <subfield code="4">080</subfield>
  </datafield>
  <datafield tag="801" ind1=" " ind2="0">
    <subfield code="a">RU</subfield>
    <subfield code="b">NLR</subfield>
    <subfield code="g">psbo</subfield>
  </datafield>
  <datafield tag="801" ind1=" " ind2="1">
    <subfield code="a">RU</subfield>
    <subfield code="b">ELAR</subfield>
    <subfield code="2">rusmarc</subfield>
  </datafield>
  <datafield tag="852" ind1=" " ind2=" ">
    <subfield code="a">NLR</subfield>
    <subfield code="j">32-4/1212</subfield>
  </datafield>
  <datafield tag="942" ind1=" " ind2=" ">
    <subfield code="c">BOOK</subfield>
  </datafield>
  <datafield tag="980" ind1=" " ind2=" ">
    <subfield code="a">NB</subfield>
  </datafield>
  <datafield tag="995" ind1=" " ind2=" ">
    <subfield code="5">2013-10-26</subfield>
    <subfield code="b">NLR02</subfield>
    <subfield code="c">NLR02</subfield>
    <subfield code="e">RFS</subfield>
    <subfield code="f">6799784-10</subfield>
    <subfield code="k">32-4/1212</subfield>
    <subfield code="o">0</subfield>
    <subfield code="r">BOOK</subfield>
    <subfield code="s">3241212_</subfield>
  </datafield>
</record>
